00348 2200145 4500001002100000005001500021035002000036245005300056100001300109260003000122082000800152084001400160990001400174990001400188INLIS00000000000301820250918101530 a0010-09250003651 aPeristiwa Sastra Melayu Lama /cDrs. H. Soetarna0 aSoetarna aSolo :bWidya Duta,c2003 a400 a400 SOE p a04.201044 a04.201045